000
00300nam a22001337a 4500
008
221006b ||||| |||| 00| 0 eng d
041
_a
eng
080
_2
sixth edition
_a
616.8
082
_a
616.8 RUB
100
_a
12
101
_a
ONCO
245
_a
CLINICAL ONCOLOGY
_c
RUBIN PH
942
_2
udc
_c
BK
999
_c
58389
_d
58389